书目信息 |
| 题名: |
外国现代教育史
|
|
| 作者: | 吴式颖 主编 | |
| 分册: | ||
| 出版信息: | 北京 人民教育出版社 1997.12 |
|
| 页数: | 727页 | |
| 开本: | 20cm | |
| 丛书名: | ||
| 单 册: | ||
| 中图分类: | G519.5 | |
| 科图分类: | ||
| 主题词: | 教育史--外国--现代--高等学校--教材 , 教育史 | |
| 电子资源: | ||
| ISBN: | 7-107-12015-8 | |
| 000 | 00805nam0 2200265 450 | |
| 000 | 00828nam0 2200265 450 | |
| 000 | 00759nam0 2200241 450 | |
| 000 | 00723nam0 2200229 45 | |
| 005 | 20070727141256.94 | |
| 010 | @a7-107-12015-8@dCNY31.40 | |
| 100 | @a20070709d2006 em y0chiy0120 ea | |
| 101 | 0 | @achi |
| 102 | @aCN@b110000 | |
| 105 | @ay z 000yy | |
| 200 | 1 | @a外国现代教育史@AWai Guo Xian Dai Jiao Yu Shi@f吴式颖主编@FWu Shi Ying Zhu Bian |
| 210 | @a北京@c人民教育出版社@d1997.12@h2004.12 | |
| 215 | @a727页@d20cm | |
| 300 | @a国家科委“八五”重点科研项目 | |
| 300 | @a高等学校文科教材 | |
| 606 | 0 | @a教育史@x外国@z现代@x高等学校@j教材 |
| 606 | 0 | @a教育史 |
| 690 | @aG519.5@v4 | |
| 701 | 1 | @a吴式颖@AWu Shi Ying@4主编 |
| 801 | 0 | @aCN@bTAOJIN@c20070727 |
| 905 | @a10447@dG519.5@e66 | |
| 外国现代教育史/吴式颖主编.-北京:人民教育出版社,1997.12(2004.12) |
| 727页;20cm |
| 国家科委“八五”重点科研项目.-高等学校文科教材 |
| ISBN 7-107-12015-8:CNY31.40 |
| ● |
| 相关链接 |
|
|
|
|
正题名:外国现代教育史
索取号:G519.5/66
 
预约/预借
| 序号 | 登录号 | 条形码 | 馆藏地/架位号 | 状态 | 备注 |
| 1 | 0821045 | 208210452 | 第一样本阅览室/ [索取号:G519.5/66] | 在馆 | |
| 2 | 0821046 | 208210461 | 第四借阅区/ [索取号:G519.5/66] | 在馆 | |
| 3 | 0821047 | 208210470 | 第四借阅区/ [索取号:G519.5/66] | 在馆 | |
| 4 | 0821048 | 208210489 | 第四借阅区/ [索取号:G519.5/66] | 在馆 | |
| 5 | 0821049 | 208210498 | 第四借阅区/ [索取号:G519.5/66] | 在馆 |